Sanctorum Patrum opuscula selecta ad usum praesertim studiosorum theologiae / edidit et commentariis auxit H. Hurter S. J. s. theol. et philos. doctor. ejusdemque s. theol. in C. R. Univers. Oenipont. professor p. o.

Detalles Bibliográficos
Otros Autores: Hurter, Hugo, S. J., 1832-1914, ed
Formato: Libro
Lenguaje:Latin
Publicado: Oeniponti : Libraria Academica Wagneriana, 1887-
Serie editorial:Series altera
Materias:
Colección:Banco de datos
Acervo:Seminario Conciliar de Nuestra Señora de Guadalupe Querétaro. Qro.. Biblioteca Florencio Rosas. Fondo Histórico
Descripción Física:t. ; 17 cm.
Tema general:Patrología latina
Notas:Texto con signaturas y notas a pie de página. Cada tomo con portada general, portada particular y paginación propias. El t. 3 publicado en 1887; t. 5: 1888; t. 6: 1892. Paginación: t. 1 [2] h., IV, 829 p., [1] h.; t. 5 [2] h., III, 740 p., [2] h.; t. 6 [2] h., II,392 p., [2] h. Encuadernación holandesa (14442-14444). Daños de humedad (14442). Daños en la encuadernación, tapa superior semidesprendida (14443)
LEADER 01562nam a22002050004500
035 |a 6166 
041 0 |a lat 
245 1 0 |a Sanctorum Patrum opuscula selecta ad usum praesertim studiosorum theologiae / edidit et commentariis auxit H. Hurter S. J. s. theol. et philos. doctor. ejusdemque s. theol. in C. R. Univers. Oenipont. professor p. o.  
260 |a Oeniponti : Libraria Academica Wagneriana, 1887- 
300 |a  t. ; 17 cm.  
440 0 |a Series altera  
500 |a Texto con signaturas y notas a pie de página. Cada tomo con portada general, portada particular y paginación propias. El t. 3 publicado en 1887; t. 5: 1888; t. 6: 1892. Paginación: t. 1 [2] h., IV, 829 p., [1] h.; t. 5 [2] h., III, 740 p., [2] h.; t. 6 [2] h., II,392 p., [2] h. Encuadernación holandesa (14442-14444). Daños de humedad (14442). Daños en la encuadernación, tapa superior semidesprendida (14443) 
504 |a Incluye índice de contenido y catálogo de publicaciones en venta de la casa impresora 
505 0 0 |a t. 3 Joannis Cassiani abbatis massiliensis : Collationes XXIV.-- t. 5 Sancti Bernardi abbatis clarae-vallensis : Sermones in Cantica Canticorum.-- t. 6 Sancti Gregorii Magni romani pontificis XL homiliarum in Evangelia libri duo 
650 1 0 |a Patrología latina 
700 1 |a Hurter, Hugo, S. J., 1832-1914, ed. 
949 |a Fondo Histórico: t. 3 (14442); t. 4 (14443); t. 5 (14444) 
942 |c Q.R.H.T 
943 |g Seminario Conciliar de Nuestra Señora de Guadalupe Querétaro. Qro.. Biblioteca Florencio Rosas. Fondo Histórico 
999 |c 1087621  |d 1087621